"Boszorkánynak néztek" - meséli Vásári Mónika

Elmentve itt :
Bibliográfiai részletek
Szerző: Hollósi Zsolt
Dokumentumtípus: Cikk
Megjelent: 1994-08-19
Sorozat:Délmagyarország 84 No. 194
Kulcsszavak:Szabadtéri Játékok
Online Access:http://dmarchiv.bibl.u-szeged.hu/123739
LEADER 00479nab a2200157 i 4500
001 delm123739
005 20191009121111.0
008 191009s1994 hu o 0|| hun d
040 |a SZTE Délmagyarország Archívum  |b hun 
041 |a hun 
100 1 |a Hollósi Zsolt 
245 1 0 |a "Boszorkánynak néztek" - meséli Vásári Mónika  |h [elektronikus dokumentum] /  |c  Hollósi Zsolt 
260 |c 1994-08-19 
300 |a 8 
490 0 |a Délmagyarország  |v 84 No. 194 
695 |a Szabadtéri Játékok